000 00522nam a2200193 a 4500
001 1770460530264
003 YourLibrary
005 20260207160835.0
008 260207s2010##################000#0#eng##
020 _a9780759113220
082 0 4 _a306.43
_bLAN
100 1 _aLancy, David F.,
_eauthor.
245 1 0 _aThe Anthropology of Learning in Childhood :
260 _bBloomsbury Publishing PLC,
_c2010.
300 _a497 pages
650 0 _aEducation.
942 _cENGLISH
040 _aYourLibrary
_beng
_cYourLibrary
999 _c611224
_d611224